| 000 | 00538nam a2200181Ia 4500 | ||
|---|---|---|---|
| 008 | 151018s9999 xx 000 0 und d | ||
| 082 |
_bRBASDV15961 _a891.463 |
||
| 100 | _aविजय तरवडे | ||
| 245 | _aअमुक्ता | ||
| 250 | _b1 | ||
| 260 |
_bआराधना प्रकाशन मुंबई _c1980 |
||
| 300 | _a87 | ||
| 600 | _aविजय तरवडे | ||
| 630 | _aअमुक्ता | ||
| 700 | _aविजय तरवडे | ||
| 730 | _aअमुक्ता | ||
| 942 | _cBOOK | ||
| 999 |
_c1016681 _d1016678 |
||